|
|
|
|
| LEADER |
01047nam a22003017a 4500 |
| 001 |
36406 |
| 003 |
BD-DhAAL |
| 005 |
20211129113209.0 |
| 008 |
191021t2017 ii a|||| |||| 001 0 eng d |
| 999 |
|
|
|c 41511
|d 41511
|
| 020 |
|
|
|a 9788131534250
|
| 020 |
|
|
|a 8131534251
|
| 040 |
|
|
|a BD-DhAAL
|
| 082 |
|
|
|a 332.10688
|2 19
|
| 100 |
|
|
|a Sharma, Renuka
|9 36305
|
| 245 |
|
|
|a Financial Services /
|c Renuka Sharma, Kiran Mehta
|
| 260 |
|
|
|a Delhi :
|b Cengage,
|c c2017
|
| 300 |
|
|
|a xii, 614 pages :
|b illustration ;
|c 28 cm
|
| 500 |
|
|
|a Includes index.
|
| 526 |
|
|
|a BBS
|
| 541 |
|
|
|a Hye Trade International
|e 36406
|
| 650 |
|
|
|a Financial services industry.
|9 36306
|
| 650 |
|
|
|a BUSINESS & ECONOMICS
|x Finance.
|9 36307
|
| 650 |
|
|
|a Business & finance.
|9 43377
|
| 700 |
|
|
|a Mehta, Kiran
|9 36308
|
| 852 |
|
|
|a Ayesha Abed Library
|c General Stacks
|
| 942 |
|
|
|2 ddc
|c BK
|
| 952 |
|
|
|0 0
|1 0
|2 ddc
|4 0
|6 332_106880000000000_SHA
|7 0
|9 66834
|a BRACUL
|b BRACUL
|c GEN
|d 2019-10-17
|e Hye Trade International
|g 736.00
|l 0
|o 332.10688 SHA
|p 3010036406
|r 2019-10-17
|t 1
|v 736.00
|w 2019-10-17
|y BK
|